Opening up for Foreign Banks Why Central and Eastern Europe Can Benefit

Salvato in:
Dettagli Bibliografici
Autore principale: Buch, Claudia M.
Natura: Libro
Lingua:inglese
Pubblicazione: Kiel Institut für Weltwirtschaft 1996
Serie:Kiel Working Paper No. 763
Soggetti:
Tags: Aggiungi Tag
Nessun Tag, puoi essere il primo ad aggiungerne!!

MARC

LEADER 00000nam a2200000 4500
001 c016061
005 20250521093026.9
041 0 |a eng 
044 |a DE 
245 1 0 |a Opening up for Foreign Banks  |b Why Central and Eastern Europe Can Benefit  |c Claudia M. Buch 
264 1 |a Kiel  |b Institut für Weltwirtschaft  |c 1996 
300 |a 40 s. 
490 1 |a Kiel Working Paper  |v No. 763 
830 0 |a Kiel Working Paper  |v No. 763 
610 2 0 |a banky 
610 2 0 |a reformy hospodárske 
610 2 0 |a investície 
610 2 0 |a investície zahraničné 
610 2 0 |a investície zo zahraničia 
100 1 |a Buch, Claudia M.